Представление документа в формате RUSMARC

ПолеНазваниеЗначение
  Тип записи a
  Библиографический уровень m
001 Контрольный номер fdb1397104594499acc320bcd3d3a2bc
005 Дата корректировки 20201206205207.7
010 Индекс ISBN __
a ISBN 978-5-9691-1741-9 (в пер.)
d Цена 516-67, 2000 экз.
100 Данные общей обработки __
a Данные общей обработки 19190716d2018||||||| 0rusy0189 ca
101 Язык документа 0_
a Язык текста rus
102 Страна публикации __
a Страна публикации ru|
102 Страна публикации __
a Страна публикации RU
105 Кодированные данные (монография) __
a Кодированные данные (монография) a|||||||000zy
200 Заглавие и сведения об ответственности 1_
a Заглавие Звезда имени тебя
e Сведения, относящиеся к заглавию [повесть]
f Первые сведения об ответственности Лада Кутузова ; [художник Валерий Калныньш ; иллюстрации Евгения Двоскина]
b Общее обозначение материала Текст
210 Выходные данные __
a Место издания Москва
c Издательство Время
d Дата издания 2018
215 Физическое описание __
a Объем 190, [1] с.
c Иллюстрации/тип воспроизводства ил.
d Формат 21 см
225 Серия __
a Серия Серия "Время - юность!"
330 Аннотация __
a Аннотация Лида Петрова учится в девятом классе. Себя она считает самой обычной: в классе полно девчонок, которые гораздо симпатичнее. Но Лиду это не расстраивает, потому что звание самой эрудированной принадлежит ей. Впрочем, однажды все изменилось. Ради незнакомца, с которым случайно столкнулась на улице, Лида решает стать привлекательной. Новая Лида сразу же обращает на себя внимание. И не только незнакомца, но и признанного школьного красавчика. Кого выберет девушка? И что принесет ей первая любовь: радость или горечь?
333 Примечание о целевом назначении __
a Примечание о целевом назначении 12+. Для детей старше 12 лет
606 Тематические рубрики __
a Основная рубрика Художественная литература
606 Тематические рубрики __
a Основная рубрика Современная русская литература (произведения)
610 Ключевые слова __
a Ключевые слова детская литература
610 Ключевые слова __
a Ключевые слова детские повести
610 Ключевые слова __
a Ключевые слова повести
610 Ключевые слова __
a Ключевые слова повести для детей
610 Ключевые слова __
a Ключевые слова повести для подростков
610 Ключевые слова __
a Ключевые слова повести о детях
610 Ключевые слова __
a Ключевые слова подростковая литература
610 Ключевые слова __
a Ключевые слова подростковые повести
610 Ключевые слова __
a Ключевые слова тема первой любви
610 Ключевые слова __
a Ключевые слова тема подростков
610 Ключевые слова __
a Ключевые слова тема школьников
686 Индексы других классификаций __
2 Код системы rubbks
a Классификационный индекс 84(2=411.2)6-4; ст84(2=411.2)6-4
700 Автор _1
a Фамилия Кутузова
b Имя Л. В.
c Титул (звания) псевдоним
c Титул (звания) Кузина, Л. В.
f Даты 1972-
g Полное личное имя Лада Валентиновна
4 Код отношения 070
702 Вторичная интеллектуальная ответственность _1
a Фамилия Двоскина
b Имя Е. Г.
4 Код отношения Художник
g Полное личное имя Евгения Григорьевна
4 Код отношения 040
702 Вторичная интеллектуальная ответственность _1
a Фамилия Калныньш
b Имя В.
4 Код отношения Художник
g Полное личное имя Валерий
4 Код отношения 040
790 Имя лица - альтернативная форма __
4 Код отношения 070
a Имя лица - альтернативная форма Кузина, Л. В.
f Даты 1972-
801 Источник записи _0
a Страна ru
b Организация Муниципальное бюджетное учреждение культуры "Централизованная библиотечная система" г. Сургут (Центральная городская библиотека им. А. С. Пушкина)
c Дата составления 20190716
g Правила каталогизации PSBO
801 Источник записи _1
a Страна ru
b Организация Муниципальное бюджетное учреждение культуры "Централизованная библиотечная система" г. Сургут (Центральная городская библиотека им. А. С. Пушкина)
c Дата составления 20190716
g Правила каталогизации PSBO
852 Данные о местонахождении __
j Шифр хранения 84(2=411.2)6-4
i Авторский знак К 95
901 Тип документа __
t Тип документа m
a Ответственный ООФиК/Волкова
903 Характеристики (МАРС) __
a Дата передачи 20190716
969 Тип издания __
a Тип издания издание для детей
990 Данные о заказе (DOS) __
j Количество экземпляров (DOS) 6
t N записи в КСУ для И/У (DOS) 201908